=LDR 00000nam 2200000 4500 =001 INLIS000000000008593 =005 20130612100439 =008 ***********************************Ind** =035 ##$$0010-061300000008593 =041 ##$$a Ind =082 ##$$a 297 =090 ##$$a 297, Gaz m =100 ##$$a Gazalba, Sidi =245 ##$$a Modernisasi Dalam Persoalan, Bagaimana Sikap Islam, Drs.Sidi Gazali =260 ##$$a 1973 $b Jakarta =300 ##$$a 95 hlm, 21 cm =650 ##$$a Islam